| 000 | 01465nam a2200265 u 4500 | ||
|---|---|---|---|
| 003 | AM-YEHGA | ||
| 005 | 20251111154519.0 | ||
| 008 | 981209s1959 ai co||gr|||||||||||arm|| | ||
| 040 | _aAM-YEHGA | ||
| 041 | 1 | _aarm | |
| 100 | 1 |
_aԲաբայան, Արամ Սահակի, _d1904-1982 _92884 |
|
| 245 | 1 | 0 |
_aՇիլլերը հայ գրականության մեջ և թատրոնում / _cԱ.Ս. Բաբայան ; Պատ. խմբ.՝ Ն. Մուրադյան ; ՀՍՍՌ ԳԱ. Մ. Աբեղյանի անվան գրականության ինստիտուտ, Արվեստի ինստիտուտ. |
| 246 | 1 | 5 | _aШиллер в армянской литературе и в театре |
| 260 |
_aԵրևան : _bՀՍՍՌ ԳԱ հրատ., _c1959. |
||
| 300 |
_a381 էջ : _bդիմանկ․, լուսանկ․ _c20 սմ. |
||
| 504 | _aԾանոթագրություններ և լրացումներ՝ էջ 339-381: Անձնանունների ցանկ` էջ 367-378: Երկերի անվանացանկ` էջ 378-382: | ||
| 600 | 1 | 4 |
_aՇիլլեր, Ֆրիդրիխ, _d1759-1805 |
| 650 | 1 | 4 | _aԳրականագիտություն |
| 650 | 1 | 4 |
_aԹատերագիտություն _95613 |
| 653 | 0 | _aՀայ-գերմանական գրական կապեր | |
| 700 | 1 |
_aՄուրադյան, Նշան Հակոբի, _d1908-1982 _eխմբ. _4edt _92737 |
|
| 710 | 2 | _aՄանուկ Աբեղյանի անվան գրականության ինստիտուտ ՀՍՍՌ ԳԱ | |
| 942 |
_2udc _cBK |
||
| 001 | 1287627 | ||
| 999 |
_c524849 _d524849 |
||